000 00942cam a22002531 4500
001 sa 68015556
003 DLC
005 20260227112644.0
008 870227s1967 ii bd 000 0 sanr
010 _asa 68015556
035 _a(OCoLC)15250849
040 _aDLC
_cNRU
_dNRU
_dDLC
042 _apremarc
050 0 0 _aBF1714.H5
_bS48
100 1 _aSharma, Mukund.
245 1 0 _aJyautiṣaśabdakoṣaḥ.
_bJyotishashabdadoshah.
_cMukundadaivajñena vircitaḥ. Sa ca nijanirmitayāʼkārā-diśabdānukramaṇikaya Saṃskr̥taṭippanyā ca samalaṅkr̥taḥ.
260 _a[Amolā, Uttara pradeśa]
_c1967.
300 _a416, 15 p.
_c24 cm.
500 _aIn Sanskrit.
500 _a"ŚriMukundadaivjñapatnī-SrimatiCitrādevīviduṣyā saṅkalitā Mukundagranthanāmādyāvali": 15 p. (at end)
504 _aBibliographical footnotes.
650 0 _aHindu astrology
_xDictionaries
_xSanskrit.
740 0 _aJyotishashabdakoshah.
999 _c86519
_d86519